Seas of Italy - Statistics

General Stats
  • This quiz has been taken 58 times
  • The average score is 4 of 6
Answer Stats
Sea % Correct
Adriatic Sea
92%
Mediterranean Sea
90%
Tyrrhenian Sea
68%
Ionian Sea
58%
Ligurian Sea
54%
Sea of Sardinia
28%
No matching quizzes found
Score Distribution
Percent of People with Each Score
Percentile by Number Answered
Your Score History
You have not taken this quiz